[Event "World Cup 2023 Open"]
[Site "Baku, Azerbaijan"]
[Date "2023.08.04"]
[Round "14.24"]
[White "Bjerre Jonas Buhl (DEN)"]
[Black "Guseinov Gadir (AZE)"]
[Result "1/2-1/2"]
[WhiteFideId "1444948"]
[BlackFideId "13401378"]
[WhiteElo "2624"]
[BlackElo "2661"]

1. e4 {[%clk 00:25:17]} {[%emt 00:00:02]} c5 {[%clk 00:25:19]} {[%emt
00:00:01]} 2. Nf3 {[%clk 00:25:26]} {[%emt 00:00:02]} e6 {[%clk 00:25:24]}
{[%emt 00:00:04]} 3. c4 {[%clk 00:25:32]} {[%emt 00:00:04]} Nc6 {[%clk
00:24:14]} {[%emt 00:01:21]} 4. d4 {[%clk 00:25:39]} {[%emt 00:00:03]} cxd4
{[%clk 00:24:15]} {[%emt 00:00:09]} 5. Nxd4 {[%clk 00:25:47]} {[%emt 00:00:02]}
Nf6 {[%clk 00:24:01]} {[%emt 00:00:24]} 6. Nc3 {[%clk 00:25:56]} {[%emt
00:00:01]} Bb4 {[%clk 00:24:04]} {[%emt 00:00:07]} 7. Nxc6 {[%clk 00:26:02]}
{[%emt 00:00:03]} bxc6 {[%clk 00:23:56]} {[%emt 00:00:18]} 8. Bd3 {[%clk
00:26:00]} {[%emt 00:00:02]} e5 {[%clk 00:23:17]} {[%emt 00:00:49]} 9. O-O
{[%clk 00:26:17]} {[%emt 00:00:03]} Bc5 {[%clk 00:22:00]} {[%emt 00:01:27]} 10.
Re1 {[%clk 00:24:53]} {[%emt 00:01:35]} d6 {[%clk 00:21:55]} {[%emt 00:00:15]}
11. Be3 {[%clk 00:22:55]} {[%emt 00:02:07]} Nd7 {[%clk 00:16:40]} {[%emt
00:05:25]} 12. Na4 {[%clk 00:21:56]} {[%emt 00:01:09]} Bxe3 {[%clk 00:15:37]}
{[%emt 00:01:12]} 13. Rxe3 {[%clk 00:22:04]} {[%emt 00:00:02]} Nc5 {[%clk
00:15:46]} {[%emt 00:00:01]} 14. Nxc5 {[%clk 00:18:38]} {[%emt 00:03:36]} dxc5
{[%clk 00:15:54]} {[%emt 00:00:02]} 15. Qa4 {[%clk 00:18:19]} {[%emt 00:00:29]}
Qc7 {[%clk 00:15:22]} {[%emt 00:00:42]} 16. Qa3 {[%clk 00:17:26]} {[%emt
00:01:04]} Qe7 {[%clk 00:15:23]} {[%emt 00:00:08]} 17. Bf1 {[%clk 00:16:27]}
{[%emt 00:01:10]} O-O {[%clk 00:15:22]} {[%emt 00:00:10]} 18. Rd1 {[%clk
00:16:20]} {[%emt 00:00:17]} Rb8 {[%clk 00:13:03]} {[%emt 00:02:29]} 19. Red3
{[%clk 00:15:55]} {[%emt 00:00:35]} Rb4 {[%clk 00:12:11]} {[%emt 00:01:02]} 20.
Rd6 {[%clk 00:14:10]} {[%emt 00:01:55]} Qc7 {[%clk 00:11:49]} {[%emt 00:00:33]}
21. Qc3 {[%clk 00:13:45]} {[%emt 00:00:34]} f6 {[%clk 00:11:45]} {[%emt
00:00:15]} 22. b3 {[%clk 00:13:35]} {[%emt 00:00:20]} a5 {[%clk 00:08:40]}
{[%emt 00:03:15]} 23. Qe3 {[%clk 00:11:07]} {[%emt 00:02:37]} Qb6 {[%clk
00:08:49]} 24. h4 {[%clk 00:09:59]} {[%emt 00:01:17]} a4 {[%clk 00:08:50]}
{[%emt 00:00:10]} 25. R1d3 {[%clk 00:10:08]} {[%emt 00:00:01]} axb3 {[%clk
00:08:06]} {[%emt 00:00:53]} 26. axb3 {[%clk 00:10:17]} Bg4 {[%clk 00:07:53]}
{[%emt 00:00:23]} 27. f3 {[%clk 00:09:23]} {[%emt 00:01:03]} Bh5 {[%clk
00:07:47]} {[%emt 00:00:16]} 28. Be2 {[%clk 00:09:15]} {[%emt 00:00:19]} Bf7
{[%clk 00:07:29]} {[%emt 00:00:28]} 29. Bd1 {[%clk 00:09:10]} {[%emt 00:00:15]}
h6 {[%clk 00:07:15]} {[%emt 00:00:24]} 30. Rd2 {[%clk 00:08:33]} {[%emt
00:00:47]} h5 {[%clk 00:05:15]} {[%emt 00:02:10]} 31. Kh2 {[%clk 00:08:29]}
{[%emt 00:00:13]} Rc8 {[%clk 00:04:49]} {[%emt 00:00:36]} 32. Rd7 {[%clk
00:07:50]} {[%emt 00:00:49]} Be8 {[%clk 00:04:08]} {[%emt 00:00:51]} 33. R7d6
{[%clk 00:07:30]} {[%emt 00:00:30]} Qa7 {[%clk 00:04:11]} {[%emt 00:00:07]} 34.
f4 {[%clk 00:06:13]} {[%emt 00:01:27]} exf4 {[%clk 00:03:56]} {[%emt 00:00:26]}
35. Qxf4 {[%clk 00:06:21]} {[%emt 00:00:01]} Qe7 {[%clk 00:03:06]} {[%emt
00:00:59]} 36. Qf5 {[%clk 00:05:42]} {[%emt 00:00:50]} Rbb8 {[%clk 00:03:15]}
{[%emt 00:00:02]} 37. Qxc5 {[%clk 00:03:09]} {[%emt 00:02:43]} Qxe4 {[%clk
00:03:02]} {[%emt 00:00:23]} 38. g3 {[%clk 00:03:01]} {[%emt 00:00:18]} Qe7
{[%clk 00:00:32]} {[%emt 00:02:40]} 39. Qd4 {[%clk 00:01:45]} {[%emt 00:01:25]}
c5 {[%clk 00:00:26]} {[%emt 00:00:16]} 40. Qd5+ {[%clk 00:01:47]} {[%emt
00:00:08]} Bf7 {[%clk 00:00:34]} {[%emt 00:00:03]} 41. Qd3 {[%clk 00:01:55]}
{[%emt 00:00:02]} Re8 {[%clk 00:00:25]} {[%emt 00:00:18]} 42. Bc2 {[%clk
00:01:53]} {[%emt 00:00:11]} g6 {[%clk 00:00:27]} {[%emt 00:00:08]} 43. Rd7
{[%clk 00:01:38]} {[%emt 00:00:25]} Qe3 {[%clk 00:00:31]} {[%emt 00:00:07]} 44.
Qf1 {[%clk 00:01:28]} {[%emt 00:00:20]} f5 {[%clk 00:00:29]} {[%emt 00:00:12]}
45. R7d3 {[%clk 00:00:40]} {[%emt 00:00:58]} Qe5 {[%clk 00:00:37]} {[%emt
00:00:02]} 46. Qf3 {[%clk 00:00:43]} {[%emt 00:00:07]} Re7 {[%clk 00:00:38]}
{[%emt 00:00:09]} 47. Qc6 {[%clk 00:00:40]} {[%emt 00:00:13]} Rbe8 {[%clk
00:00:41]} {[%emt 00:00:07]} 48. Qf3 {[%clk 00:00:45]} {[%emt 00:00:04]} Qe1
{[%clk 00:00:47]} {[%emt 00:00:04]} 49. Bd1 {[%clk 00:00:48]} {[%emt 00:00:07]}
Re3 {[%clk 00:00:45]} {[%emt 00:00:13]} 50. Rxe3 {[%clk 00:00:28]} {[%emt
00:00:30]} Rxe3 {[%clk 00:00:21]} {[%emt 00:00:33]} 51. Qf2 {[%clk 00:00:31]}
{[%emt 00:00:07]} Qxf2+ {[%clk 00:00:21]} {[%emt 00:00:10]} 52. Rxf2 {[%clk
00:00:40]} {[%emt 00:00:02]} Kg7 {[%clk 00:00:20]} {[%emt 00:00:12]} 53. Rd2
{[%clk 00:00:31]} {[%emt 00:00:19]} Rc3 {[%clk 00:00:26]} {[%emt 00:00:04]} 54.
Rd6 {[%clk 00:00:35]} {[%emt 00:00:05]} Kf8 {[%clk 00:00:23]} {[%emt 00:00:13]}
55. Kg2 {[%clk 00:00:38]} {[%emt 00:00:06]} Ke7 {[%clk 00:00:32]} {[%emt
00:00:02]} 56. Rc6 {[%clk 00:00:42]} {[%emt 00:00:06]} Rd3 {[%clk 00:00:38]}
{[%emt 00:00:04]} 57. Bf3 {[%clk 00:00:46]} {[%emt 00:00:06]} Rxb3 {[%clk
00:00:34]} {[%emt 00:00:13]} 58. Rxc5 {[%clk 00:00:55]} {[%emt 00:00:01]} Rc3
{[%clk 00:00:35]} {[%emt 00:00:10]} 59. Rc7+ {[%clk 00:01:04]} {[%emt
00:00:01]} Kf6 {[%clk 00:00:44]} 60. c5 {[%clk 00:01:12]} {[%emt 00:00:03]}
Rc2+ {[%clk 00:00:46]} {[%emt 00:00:08]} 61. Kf1 {[%clk 00:01:19]} {[%emt
00:00:02]} Rc3 {[%clk 00:00:55]} 62. Kf2 {[%clk 00:01:28]} {[%emt 00:00:02]}
Rc2+ {[%clk 00:00:56]} {[%emt 00:00:09]} 63. Ke3 {[%clk 00:01:34]} {[%emt
00:00:04]} Rc3+ {[%clk 00:01:06]} 64. Kf2 {[%clk 00:01:16]} {[%emt 00:00:28]}
Rc2+ {[%clk 00:01:15]} {[%emt 00:00:01]} 65. Ke3 {[%clk 00:00:59]} {[%emt
00:00:27]} 1/2-1/2

[Event "World Cup 2023 Open"]
[Site "Baku, Azerbaijan"]
[Date "2023.08.04"]
[Round "14.25"]
[White "Ragger Markus (AUT)"]
[Black "Sindarov Javokhir (UZB)"]
[Result "1/2-1/2"]
[WhiteFideId "1610856"]
[BlackFideId "14205483"]
[WhiteElo "2624"]
[BlackElo "2659"]

1. d4 {[%clk 00:25:19]} Nf6 {[%clk 00:25:19]} {[%emt 00:00:02]} 2. c4 {[%clk
00:25:28]} g6 {[%clk 00:25:27]} {[%emt 00:00:01]} 3. Nc3 {[%clk 00:25:37]}
{[%emt 00:00:01]} d5 {[%clk 00:25:36]} {[%emt 00:00:01]} 4. cxd5 {[%clk
00:25:45]} {[%emt 00:00:02]} Nxd5 {[%clk 00:25:45]} {[%emt 00:00:01]} 5. Bd2
{[%clk 00:25:54]} {[%emt 00:00:01]} Bg7 {[%clk 00:25:50]} {[%emt 00:00:05]} 6.
e4 {[%clk 00:26:02]} {[%emt 00:00:02]} Nxc3 {[%clk 00:25:59]} {[%emt 00:00:02]}
7. Bxc3 {[%clk 00:26:10]} {[%emt 00:00:01]} O-O {[%clk 00:26:05]} {[%emt
00:00:04]} 8. Qd2 {[%clk 00:26:19]} {[%emt 00:00:02]} c5 {[%clk 00:26:09]}
{[%emt 00:00:06]} 9. d5 {[%clk 00:26:24]} {[%emt 00:00:05]} e6 {[%clk
00:26:18]} {[%emt 00:00:02]} 10. Bc4 {[%clk 00:26:23]} {[%emt 00:00:11]} exd5
{[%clk 00:26:26]} {[%emt 00:00:02]} 11. Bxd5 {[%clk 00:26:30]} {[%emt
00:00:03]} Nc6 {[%clk 00:26:32]} {[%emt 00:00:05]} 12. Bxg7 {[%clk 00:26:25]}
{[%emt 00:00:16]} Kxg7 {[%clk 00:26:40]} {[%emt 00:00:01]} 13. h4 {[%clk
00:26:33]} {[%emt 00:00:02]} Be6 {[%clk 00:23:38]} {[%emt 00:03:13]} 14. h5
{[%clk 00:26:07]} {[%emt 00:00:35]} Bxd5 {[%clk 00:21:28]} {[%emt 00:02:20]} 15.
hxg6 {[%clk 00:10:59]} {[%emt 00:15:18]} Qa5 {[%clk 00:20:44]} {[%emt
00:00:54]} 16. Qxa5 {[%clk 00:09:28]} {[%emt 00:01:41]} Nxa5 {[%clk 00:20:51]}
{[%emt 00:00:03]} 17. exd5 {[%clk 00:09:37]} {[%emt 00:00:02]} Rfe8+ {[%clk
00:20:07]} {[%emt 00:00:54]} 18. Ne2 {[%clk 00:09:35]} {[%emt 00:00:11]} hxg6
{[%clk 00:20:10]} {[%emt 00:00:07]} 19. Kf1 {[%clk 00:08:13]} {[%emt 00:01:32]}
Nc4 {[%clk 00:18:47]} {[%emt 00:01:34]} 20. Rc1 {[%clk 00:08:18]} {[%emt
00:00:05]} Nd2+ {[%clk 00:18:27]} {[%emt 00:00:30]} 21. Ke1 {[%clk 00:08:25]}
{[%emt 00:00:03]} Ne4 {[%clk 00:18:36]} 22. Rh3 {[%clk 00:06:55]} {[%emt
00:01:40]} Rad8 {[%clk 00:17:39]} {[%emt 00:01:07]} 23. Rd1 {[%clk 00:06:43]}
{[%emt 00:00:22]} Nf6 {[%clk 00:15:44]} {[%emt 00:02:06]} 24. Rhd3 {[%clk
00:06:22]} {[%emt 00:00:31]} Rd6 {[%clk 00:14:25]} {[%emt 00:01:29]} 25. Kf1
{[%clk 00:06:19]} {[%emt 00:00:12]} b5 {[%clk 00:14:27]} {[%emt 00:00:09]} 26.
Nc3 {[%clk 00:04:51]} {[%emt 00:01:38]} a6 {[%clk 00:14:36]} {[%emt 00:00:01]}
27. a3 {[%clk 00:04:41]} {[%emt 00:00:20]} Red8 {[%clk 00:12:09]} {[%emt
00:02:37]} 28. b4 {[%clk 00:04:25]} {[%emt 00:00:26]} Rc8 {[%clk 00:12:07]}
{[%emt 00:00:11]} 29. f3 {[%clk 00:04:25]} {[%emt 00:00:11]} cxb4 {[%clk
00:09:47]} {[%emt 00:02:31]} 30. axb4 {[%clk 00:04:34]} Rc4 {[%clk 00:09:56]}
31. Rb1 {[%clk 00:04:43]} Rd8 {[%clk 00:09:20]} {[%emt 00:00:46]} 32. Ke2
{[%clk 00:03:59]} {[%emt 00:00:54]} Nh5 {[%clk 00:09:06]} {[%emt 00:00:24]}
1/2-1/2

[Event "World Cup 2023 Open"]
[Site "Baku, Azerbaijan"]
[Date "2023.08.04"]
[Round "14.26"]
[White "Meier Georg (URU)"]
[Black "Santos Latasa Jaime (ESP)"]
[Result "1/2-1/2"]
[WhiteFideId "4675789"]
[BlackFideId "2293307"]
[WhiteElo "2629"]
[BlackElo "2656"]

1. Nf3 {[%clk 00:25:19]} d5 {[%clk 00:25:17]} {[%emt 00:00:04]} 2. g3 {[%clk
00:25:27]} {[%emt 00:00:01]} Nf6 {[%clk 00:25:25]} {[%emt 00:00:02]} 3. Bg2
{[%clk 00:25:36]} c5 {[%clk 00:25:33]} {[%emt 00:00:02]} 4. O-O {[%clk
00:25:43]} {[%emt 00:00:02]} Nc6 {[%clk 00:25:42]} {[%emt 00:00:02]} 5. d4
{[%clk 00:25:52]} {[%emt 00:00:01]} e6 {[%clk 00:25:50]} {[%emt 00:00:02]} 6.
c4 {[%clk 00:26:00]} {[%emt 00:00:01]} dxc4 {[%clk 00:25:58]} {[%emt 00:00:03]}
7. dxc5 {[%clk 00:26:09]} {[%emt 00:00:02]} Qxd1 {[%clk 00:26:05]} {[%emt
00:00:03]} 8. Rxd1 {[%clk 00:26:17]} Bxc5 {[%clk 00:26:13]} {[%emt 00:00:03]} 9.
Nbd2 {[%clk 00:26:25]} c3 {[%clk 00:26:19]} {[%emt 00:00:05]} 10. bxc3 {[%clk
00:26:33]} {[%emt 00:00:01]} O-O {[%clk 00:26:26]} {[%emt 00:00:03]} 11. Nb3
{[%clk 00:26:41]} {[%emt 00:00:02]} Be7 {[%clk 00:26:34]} {[%emt 00:00:02]} 12.
Nfd4 {[%clk 00:26:49]} {[%emt 00:00:02]} Nxd4 {[%clk 00:26:38]} {[%emt
00:00:07]} 13. Rxd4 {[%clk 00:26:57]} {[%emt 00:00:01]} Nd5 {[%clk 00:23:23]}
{[%emt 00:03:26]} 14. Bxd5 {[%clk 00:23:03]} {[%emt 00:04:03]} exd5 {[%clk
00:23:31]} {[%emt 00:00:03]} 15. Rxd5 {[%clk 00:23:11]} {[%emt 00:00:01]} Be6
{[%clk 00:23:35]} {[%emt 00:00:06]} 16. Rb5 {[%clk 00:22:37]} {[%emt 00:00:44]}
b6 {[%clk 00:23:24]} {[%emt 00:00:22]} 17. Nd4 {[%clk 00:22:45]} {[%emt
00:00:01]} Bc4 {[%clk 00:23:12]} {[%emt 00:00:22]} 18. Rb2 {[%clk 00:22:53]}
{[%emt 00:00:02]} Rac8 {[%clk 00:22:16]} {[%emt 00:01:07]} 19. a4 {[%clk
00:21:46]} {[%emt 00:01:16]} Rfe8 {[%clk 00:21:32]} {[%emt 00:00:54]} 20. Be3
{[%clk 00:18:00]} {[%emt 00:03:56]} Bf6 {[%clk 00:20:56]} {[%emt 00:00:46]} 21.
Kf1 {[%clk 00:14:51]} {[%emt 00:03:19]} h6 {[%clk 00:20:14]} {[%emt 00:00:53]}
22. a5 {[%clk 00:14:46]} {[%emt 00:00:15]} bxa5 {[%clk 00:20:15]} {[%emt
00:00:10]} 23. Rxa5 {[%clk 00:14:47]} {[%emt 00:00:09]} a6 {[%clk 00:19:59]}
{[%emt 00:00:25]} 24. Ke1 {[%clk 00:14:34]} {[%emt 00:00:22]} Kh7 {[%clk
00:17:55]} {[%emt 00:02:15]} 25. h4 {[%clk 00:13:05]} {[%emt 00:01:39]} Red8
{[%clk 00:15:32]} {[%emt 00:02:33]} 26. f3 {[%clk 00:10:45]} {[%emt 00:02:30]}
Rd7 {[%clk 00:15:36]} {[%emt 00:00:07]} 27. Bf2 {[%clk 00:09:34]} {[%emt
00:01:20]} Bb5 {[%clk 00:14:17]} {[%emt 00:01:30]} 28. Kd2 {[%clk 00:09:12]}
{[%emt 00:00:32]} Rdc7 {[%clk 00:14:20]} {[%emt 00:00:06]} 29. Rc2 {[%clk
00:08:56]} {[%emt 00:00:25]} Bc4 {[%clk 00:14:26]} {[%emt 00:00:04]} 30. e4
{[%clk 00:08:28]} {[%emt 00:00:38]} Rb7 {[%clk 00:13:40]} {[%emt 00:00:57]} 31.
g4 {[%clk 00:07:25]} {[%emt 00:01:13]} Rb1 {[%clk 00:13:16]} {[%emt 00:00:34]}
32. e5 {[%clk 00:02:44]} {[%emt 00:04:51]} Bd8 {[%clk 00:12:28]} {[%emt
00:00:58]} 33. Ra3 {[%clk 00:02:53]} {[%emt 00:00:01]} Bc7 {[%clk 00:11:06]}
{[%emt 00:01:31]} 34. f4 {[%clk 00:02:12]} {[%emt 00:00:52]} Rf1 {[%clk
00:09:22]} {[%emt 00:01:53]} 35. Ke3 {[%clk 00:02:16]} {[%emt 00:00:06]} g5
{[%clk 00:08:56]} {[%emt 00:00:36]} 36. Nf5 {[%clk 00:01:03]} {[%emt 00:01:24]}
gxf4+ {[%clk 00:06:57]} {[%emt 00:02:09]} 37. Kxf4 {[%clk 00:01:11]} {[%emt
00:00:01]} f6 {[%clk 00:06:23]} {[%emt 00:00:44]} 38. Ke4 {[%clk 00:00:40]}
{[%emt 00:00:41]} Rd1 {[%clk 00:05:36]} {[%emt 00:00:57]} 39. Rb2 {[%clk
00:00:49]} {[%emt 00:00:01]} Bd5+ {[%clk 00:03:49]} {[%emt 00:01:57]} 40. Ke3
{[%clk 00:00:46]} {[%emt 00:00:14]} Bxe5 {[%clk 00:03:54]} {[%emt 00:00:05]} 41.
Ke2 {[%clk 00:00:43]} {[%emt 00:00:13]} Rh1 {[%clk 00:03:39]} {[%emt 00:00:25]}
42. Rd2 {[%clk 00:00:25]} {[%emt 00:00:29]} Be6 {[%clk 00:03:26]} {[%emt
00:00:22]} 43. Bd4 {[%clk 00:00:20]} {[%emt 00:00:15]} Bc4+ {[%clk 00:03:01]}
{[%emt 00:00:35]} 44. Ke3 {[%clk 00:00:13]} {[%emt 00:00:17]} Rh3+ {[%clk
00:02:59]} {[%emt 00:00:12]} 45. Ke4 {[%clk 00:00:22]} {[%emt 00:00:02]} Re8
{[%clk 00:02:45]} {[%emt 00:00:24]} 46. Bxe5 {[%clk 00:00:25]} {[%emt
00:00:07]} Rxe5+ {[%clk 00:02:49]} {[%emt 00:00:05]} 47. Kf4 {[%clk 00:00:33]}
{[%emt 00:00:02]} Bd5 {[%clk 00:01:48]} {[%emt 00:01:11]} 48. Ng3 {[%clk
00:00:42]} {[%emt 00:00:01]} Rxh4 {[%clk 00:01:32]} {[%emt 00:00:26]} 49. Rxa6
{[%clk 00:00:51]} {[%emt 00:00:01]} Rg5 {[%clk 00:01:29]} {[%emt 00:00:13]} 50.
Rxd5 {[%clk 00:00:12]} {[%emt 00:00:50]} Rhxg4+ {[%clk 00:01:32]} {[%emt
00:00:07]} 51. Kf3 {[%clk 00:00:20]} {[%emt 00:00:02]} Rxg3+ {[%clk 00:01:40]}
{[%emt 00:00:02]} 52. Kf2 {[%clk 00:00:29]} Rxd5 {[%clk 00:01:48]} {[%emt
00:00:03]} 53. Kxg3 {[%clk 00:00:37]} {[%emt 00:00:02]} Rd3+ {[%clk 00:01:56]}
{[%emt 00:00:02]} 54. Kf4 {[%clk 00:00:46]} {[%emt 00:00:01]} Rxc3 {[%clk
00:02:05]} {[%emt 00:00:01]} 55. Rxf6 {[%emt 00:00:02]} 1/2-1/2

[Event "World Cup 2023 Open"]
[Site "Baku, Azerbaijan"]
[Date "2023.08.04"]
[Round "14.27"]
[White "Fressinet Laurent (FRA)"]
[Black "Abasov Nijat (AZE)"]
[Result "1/2-1/2"]
[WhiteFideId "608742"]
[BlackFideId "13402960"]
[WhiteElo "2652"]
[BlackElo "2632"]

1. Nf3 {[%clk 00:25:17]} {[%emt 00:00:02]} Nf6 {[%clk 00:24:59]} {[%emt
00:00:22]} 2. g3 {[%clk 00:25:24]} {[%emt 00:00:02]} c5 {[%clk 00:25:08]}
{[%emt 00:00:02]} 3. Bg2 {[%clk 00:25:26]} {[%emt 00:00:08]} Nc6 {[%clk
00:25:16]} {[%emt 00:00:02]} 4. O-O {[%clk 00:25:27]} {[%emt 00:00:08]} e5
{[%clk 00:25:20]} {[%emt 00:00:07]} 5. e4 {[%clk 00:25:19]} {[%emt 00:00:18]}
d6 {[%clk 00:25:26]} {[%emt 00:00:04]} 6. d3 {[%clk 00:25:12]} {[%emt
00:00:16]} g6 {[%clk 00:25:25]} {[%emt 00:00:11]} 7. Nc3 {[%clk 00:23:44]}
{[%emt 00:01:38]} Bg7 {[%clk 00:25:28]} {[%emt 00:00:08]} 8. Nd2 {[%clk
00:23:45]} {[%emt 00:00:08]} Bg4 {[%clk 00:24:55]} {[%emt 00:00:44]} 9. f3
{[%clk 00:23:13]} {[%emt 00:00:42]} Be6 {[%clk 00:25:03]} {[%emt 00:00:02]} 10.
Nc4 {[%clk 00:22:17]} {[%emt 00:01:06]} O-O {[%clk 00:23:10]} {[%emt 00:02:02]}
11. Ne3 {[%clk 00:22:08]} {[%emt 00:00:19]} d5 {[%clk 00:23:04]} {[%emt
00:00:17]} 12. exd5 {[%clk 00:22:07]} {[%emt 00:00:12]} Nxd5 {[%clk 00:23:12]}
{[%emt 00:00:01]} 13. Nexd5 {[%clk 00:21:46]} {[%emt 00:00:31]} Bxd5 {[%clk
00:23:21]} {[%emt 00:00:02]} 14. Nxd5 {[%clk 00:21:54]} {[%emt 00:00:02]} Qxd5
{[%clk 00:23:29]} {[%emt 00:00:01]} 15. f4 {[%clk 00:21:32]} {[%emt 00:00:32]}
Qd4+ {[%clk 00:23:07]} {[%emt 00:00:33]} 16. Kh1 {[%clk 00:21:40]} {[%emt
00:00:02]} exf4 {[%clk 00:23:02]} {[%emt 00:00:15]} 17. c3 {[%clk 00:20:04]}
{[%emt 00:01:46]} Qd7 {[%clk 00:22:58]} {[%emt 00:00:14]} 18. Bxf4 {[%clk
00:20:07]} {[%emt 00:00:07]} Rad8 {[%clk 00:22:24]} {[%emt 00:00:44]} 19. Qb3
{[%clk 00:19:53]} {[%emt 00:00:25]} Ne5 {[%clk 00:22:30]} {[%emt 00:00:04]} 20.
Bg5 {[%clk 00:18:45]} {[%emt 00:01:17]} Rde8 {[%clk 00:21:41]} {[%emt
00:00:59]} 21. Rad1 {[%clk 00:17:06]} {[%emt 00:01:49]} Nxd3 {[%clk 00:18:41]}
{[%emt 00:03:10]} 22. Rd2 {[%clk 00:15:20]} {[%emt 00:01:56]} b5 {[%clk
00:14:57]} {[%emt 00:03:55]} 23. c4 {[%clk 00:14:43]} {[%emt 00:00:47]} Qg4
{[%clk 00:15:05]} {[%emt 00:00:01]} 24. Rxd3 {[%clk 00:10:53]} {[%emt
00:04:01]} bxc4 {[%clk 00:14:53]} {[%emt 00:00:22]} 25. Qa4 {[%clk 00:11:01]}
{[%emt 00:00:01]} Qxg5 {[%clk 00:14:55]} {[%emt 00:00:08]} 26. Qxc4 {[%clk
00:09:19]} {[%emt 00:01:53]} Bxb2 {[%clk 00:13:34]} {[%emt 00:01:31]} 27. Bd5
{[%clk 00:07:19]} {[%emt 00:02:10]} Re7 {[%clk 00:12:38]} {[%emt 00:01:05]} 28.
Qxc5 {[%clk 00:07:11]} {[%emt 00:00:19]} Kg7 {[%clk 00:12:42]} {[%emt
00:00:06]} 29. Rb3 {[%clk 00:06:25]} {[%emt 00:00:57]} Rd8 {[%clk 00:11:53]}
{[%emt 00:00:59]} 30. Rxb2 {[%clk 00:05:38]} {[%emt 00:00:58]} 1/2-1/2